| 000 | 00330nam a22001217a 4500 | ||
|---|---|---|---|
| 082 | _a662.6 INS'I | ||
| 100 |
_aINTITUTE OF PETROLEUM _975017 |
||
| 245 | _aIP STANDARDS FOR PETROLEUM AND ITS PRODUCTS PART-1 METHODS FOR ANALYSIS AND TESTING | ||
| 250 | _a28TH | ||
| 260 |
_aLONDON _bELSEVIER _c1969 |
||
| 300 | _a132P | ||
| 942 | _cBK | ||
| 999 |
_c580513 _d580513 |
||